Southville International School and Colleges
Your cart is empty.
  • Cart
  • Lists
    Public lists Eva Luna New books Lux_list list_1
    Your lists Log in to create your own lists
  • Log in to your account
  • Your cookies
  • Search history
Southville International School and Colleges
  • Advanced search
  • Recent comments
  • Most popular
  • Libraries

Log in to your account

Log in with GOOGLE


If you do not have an external account, but do have a local account, you can still log in:

  1. Home
  2. MARC view: Network security :
Normal view MARC view ISBD view

Network security : (Record no. 300894)

[ view plain ]
MARC details
000 -LEADER
fixed length control field 00624nam a2200229Ia 4500
008 - FIXED-LENGTH DATA ELEMENTS--GENERAL INFORMATION
fixed length control field 160901s9999 xx 000 0 und d
020 ## - INTERNATIONAL STANDARD BOOK NUMBER
International Standard Book Number 0-12-311633-3
050 ## - LIBRARY OF CONGRESS CALL NUMBER
Classification number ComSc TK 5105.59
050 ## - LIBRARY OF CONGRESS CALL NUMBER
Item number .H37 2005
100 ## - MAIN ENTRY--PERSONAL NAME
Personal name Harrington, Jan L.
245 ## - TITLE STATEMENT
Title Network security :
245 ## - TITLE STATEMENT
Remainder of title a practical approach /
245 ## - TITLE STATEMENT
Statement of responsibility, etc Jan L. Harrington.
260 ## - PUBLICATION, DISTRIBUTION, ETC. (IMPRINT)
Place of publication, distribution, etc New York :
260 ## - PUBLICATION, DISTRIBUTION, ETC. (IMPRINT)
Name of publisher, distributor, etc Morgan Kaufmann Pub.,
260 ## - PUBLICATION, DISTRIBUTION, ETC. (IMPRINT)
Date of publication, distribution, etc 2005
300 ## - PHYSICAL DESCRIPTION
Extent 365 pages :
300 ## - PHYSICAL DESCRIPTION
Other physical details ill. ;
300 ## - PHYSICAL DESCRIPTION
Dimensions 24 cm.
500 ## - GENERAL NOTE
General note Includes bibliographical references and index.
650 ## - SUBJECT ADDED ENTRY--TOPICAL TERM
Topical term or geographic name as entry element Computer networks -- Security measures.
Holdings
Withdrawn status Lost status Damaged status Home library Current library Shelving location Date acquired Cost, normal purchase price Total Checkouts Full call number Barcode Date last seen Price effective from Koha item type
      South Mansfield College South Mansfield College   09/12/2005 3.00   ComSc TK 5105.59 .H37 2005 SMC02768 09/01/2016 09/01/2016  

Network security :

APA

Harrington J. L., .Network security. New York: .

Chicago

Harrington Jan L, .Network security. New York: .

Harvard

Harrington J. L., .Network security. New York: .

MLA

Harrington Jan L, .New York: . .

  • Place hold
  • Print
  • Cite
  • Add to your cart (remove)
  • Save record
    BIBTEX Dublin Core MARCXML MARC (non-Unicode/MARC-8) MARC (Unicode/UTF-8) MARC (Unicode/UTF-8, Standard) MODS (XML) RIS
  • More searches
    Search for this title in:
    Other Libraries (WorldCat) Other Databases (Google Scholar) Online Stores (Bookfinder.com) Open Library (openlibrary.org)

Exporting to Dublin Core...

SOUTHVILLE LIBRARY

Southville International School and Colleges Library

1281 Tropical Ave. Cor. Luxembourg St., BF Homes International, Las Pinas City

Tel. No. 8256374 / 252358 Loc. 117/146

Powered by Koha